| 000 | 00926nam a2200313Ia 4500 | ||
|---|---|---|---|
| 001 | Z_6090 | ||
| 003 | CHAP | ||
| 008 | 220113s1988 xx 000 0 und d | ||
| 010 | _a169321 | ||
| 020 | _a968-880-152-6 | ||
| 040 | _cCHAP | ||
| 082 | _a519.5 L48 | ||
| 100 |
_aLevin, Richar I. _9143918 |
||
| 245 |
_aEstadística para administradores / _cRichar I.Levin; ed. Othoniel Almeyda Bautista |
||
| 260 |
_aMéxico : _bPrentice-Hall - Hispanoamericana, _c1988 |
||
| 300 | _axv, 940 p. | ||
| 500 | _aTraducido de la obra en inglés: Statistics for management | ||
| 503 | _aej.1. Donado por la Profa. Maldonado Simán, Ema | ||
| 504 | _aBibliografía: p. 934-936 | ||
| 650 |
_aEstadística _938241 |
||
| 650 |
_aEstadística comercial _9143919 |
||
| 700 |
_aI. Almeyda Bautista, Othoniel, ed. _9143920 |
||
| 901 | _a519.5 L48 | ||
| 902 | _aM | ||
| 910 | _a1988 | ||
| 942 | _c1 | ||
| 942 | _cc1 | ||
| 999 |
_c169321 _d169321 |
||